1795 1160 1265 1521 1430 1239 1243 1530 1228 1222 1602 1897 1606 1215 1356 1659 1838 1252 1949 1525 1563 1885 1090 1760 1751 1412 1681 1624 1616 1596 1306 1122 1073 1246 1148 1401 1535 1516 1701 1944 1257 1805 1665 1224 1268 1251 1074 1718 1749 1170 1737 1608 1858 1897 1400 1010 1197 1595 1245 1141 1639 1087 1767 1861 1770 1411 1604 1778 1142 1019 1516 1199 1846 1574 1613 1604 1107 1965 1496 1389 1858 1773 1819 1923 1225 1504 1973 1453 1498 1910 1742 1362 1204 1724 1152 1968 1913 1471 1290 BCNSPRNW ULIB Ver.6.0+V

เปลี่ยนเป็นภาษาไทย

Change to English
 แสดงรายละเอียดบรรณานุกรม
  กลับหน้าหลัก

Brief Record : Get Marc (ISO 2709) : E-mail record : QR code < ปิดหน้าต่าง
LEADER : 00000nam 2200000uu 4500
001    13399109231
003     ULIB
008    110324s2549||||th 000 0 tha d
020    9789749459119
060 04 WA525^bส139จ 2549
100 0  สงวน นิตยารัมภ์พงศ์
245 10 จากเศรษฐกิจพอเพียงสู่สุขภาพพอเพียง /^cสงวน นิตยารัมภ์พงศ์
250    พิมพ์ครั้งที่ 1
260    นนทบุรี :^bสำนักงานหลักประกันสุขภาพแห่งชาติ,^c2549
300    55 หน้า :^bภาพประกอบ ;^c22 ซม.
500    เรียงเรียงจากการบรรยายหัวข้อ"สุขภาพพอเพียงและเพียงพอเพื่อคุณภาพชีวิตในเมืองหลวง" วันที่ 30 กันยายน พ.ศ. 2549 ณ สถาบันพระปกเกล้า
650  7 นโยบายด้านสุขภาพ^zไทย
650  7 การปฏิรูประบบสุขภาพ^zไทย
650  7 สุขภาพ^zไทย
710 2  สำนักงานหลักประกันสุขภาพแห่งชาติ
945    ^p0^l0^i020689
995    ทศพร
999 ^a ใช้งานได้ทุกระบบ
รายการนี้ยังไม่มีแท็ก
คุณยังไม่ได้ล็อกอิน คุณสามารถมีกิจกรรมร่วมกับเว็บไซต์ได้ แต่ต้องล็อกอินก่อน ::
  ล็อกอิน

รายการสื่อสารสนเทศ

ลำดับที่ ประเภท เลขเรียก/บาร์โค้ด สถานที่ สถานะ
- ไม่พบข้อมูล -

รายการใกล้เคียง
    ผู้แต่ง [สงวน นิตยารัมภ์พงศ์]

BibComment


ยังไม่เคยถูกคอมเมนท์

คอมเมนท์ทรัพยากรรายการนี้
  คอมเมนท์: จากเศรษฐกิจพอเพีย..


 Copyright 2026. Bcnsprnw @Library